Top-20 wind energy countries - Statistics

General Stats
  • This quiz has been taken 638 times
  • The average score is 13 of 20
Answer Stats
Share of total Country % Correct
20.9% Sweden
94%
28.1% United Kingdom
94%
27.2% Germany
93%
23.7% Netherlands
91%
57.7% Denmark
90%
18.3% Finland
90%
23.8% Spain
90%
18.5% Belgium
88%
29.5% Portugal
86%
35.8% Ireland
84%
13.7% Poland
83%
22.1% Greece
73%
43.0% Luxembourg
63%
45.5% Lithuania
59%
14.9% Croatia
56%
13.4% Brazil
43%
14.8% Morocco
32%
14.0% Cape Verde
5%
16.4% Kenya
5%
15.3% Nicaragua
3%
No matching quizzes found
Score Distribution
Percent of People with Each Score
Percentile by Number Answered
Your Score History
You have not taken this quiz